[Event "POL-chT U20 2nd League"]
[Site "Sypniewo"]
[Date "2025.06.21"]
[Round "4.74"]
[White "Galczynski, Maksymilian"]
[Black "Niedorys, Karolina"]
[Result "1-0"]
[WhiteElo "1721"]
[BlackElo "1697"]
[PlyCount "74"]
[EventDate "2025.06.18"]
[EventType "team-swiss"]
[EventRounds "9"]
[EventCountry "POL"]
[SourceTitle "CB27_2025"]
[SourceDate "2025.07.02"]
[SourceVersion "1"]
[SourceVersionDate "2025.07.02"]
[SourceQuality "1"]
[WhiteTeam "Białołeka Sparta"]
[BlackTeam "Krosno Urania"]
[WhiteTeamCountry "POL"]
[BlackTeamCountry "POL"]

1. e4 d5 2. exd5 Qxd5 3. Nc3 Qd8 4. d4 Nf6 5. Nf3 Bg4 6. h3 Bh5 7. Be2 e6 8. Qd3 c6 9. Ne5 Bxe2 10. Nxe2 Nbd7 11. f4 h5 12. Bd2 Qb6 13. 0-0-0 c5 14. f5 Nd5 15. Nxd7 Kxd7 16. c4 Nb4 17. Bxb4 cxb4 18. fxe6+ Qxe6 19. Nf4 Qf6 20. Qe4 Rb8 21. Nd3 Bd6 22. Ne5+ Kc7 23. Rhf1 Qg5+ 24. Kb1 Rhe8 25. Rxf7+ Re7 26. Rxe7+ Bxe7 27. Nf7 Qf6 28. Re1 Re8 29. Qe5+ Qxe5 30. Rxe5 Kd7 31. Rxh5 Bf6 32. Rd5+ Kc7 33. Ne5 Bxe5 34. dxe5 Rf8 35. e6 Re8 36. Rd7+ Kc8 37. Rxg7 Rxe6 1-0

[Event "Warsaw Maciei Memorial Blitz"]
[Site "Warsaw"]
[Date "2024.07.08"]
[Round "8"]
[White "Kaminski, Maciej1"]
[Black "Galczynski, Maksymilian"]
[Result "1-0"]
[WhiteElo "1920"]
[BlackElo "1574"]
[PlyCount "90"]
[EventDate "2024.07.08"]
[EventType "swiss (blitz)"]
[EventRounds "11"]
[EventCountry "POL"]
[SourceTitle "CBM 221 Extra"]
[Source "ChessBase"]
[SourceDate "2024.09.30"]
[SourceVersion "1"]
[SourceVersionDate "2024.09.30"]
[SourceQuality "1"]

1. Nf3 Nf6 2. g3 g6 3. Bg2 Bg7 4. 0-0 0-0 5. d4 d6 6. c4 c6 7. Nc3 Re8 8. Bf4 Nbd7 9. e4 Nh5 10. Bg5 h6 11. Bd2 e5 12. d5 a5 13. Qc1 Kh7 14. Rd1 Nc5 15. dxc6 bxc6 16. Be3 Ne6 17. Qd2 Bf8 18. c5 dxc5 19. Qxd8 Rxd8 20. Nxe5 Nd4 21. Bxd4 cxd4 22. Nxc6 Rd6 23. e5 Rxc6 24. Bxc6 Ra6 25. Bb5 dxc3 26. Bxa6 cxb2 27. Bxc8 bxa1Q 28. Rxa1 Bb4 29. Rc1 Kg7 30. Bg4 f5 31. Bxh5 gxh5 32. f4 Kf7 33. Rc6 Kg7 34. Kf2 h4 35. gxh4 h5 36. Kf3 Be1 37. Rf6 Bxh4 38. Rxf5 Kg6 39. Rf8 Be7 40. Ra8 Bb4 41. Ke4 Kf7 42. f5 h4 43. Ra7+ Ke8 44. e6 Bd6 45. f6 Bb8 1-0

[Event "Warsaw Szansa op"]
[Site "Warsaw"]
[Date "2022.09.17"]
[Round "1"]
[White "Galczynski, Maksymilian"]
[Black "Smieszek, Wojciech"]
[Result "1-0"]
[WhiteElo "1369"]
[BlackElo "2082"]
[PlyCount "71"]
[EventDate "2022.09.17"]
[EventType "swiss (rapid)"]
[EventRounds "11"]
[EventCountry "POL"]
[SourceTitle "EXT 2023"]
[Source "ChessBase"]
[SourceDate "2022.10.05"]
[SourceVersion "1"]
[SourceVersionDate "2022.10.05"]
[SourceQuality "1"]

1. e4 e5 2. Nf3 Nc6 3. Bb5 a6 4. Bxc6 dxc6 5. 0-0 Bg4 6. h3 h5 7. d3 Qf6 8. Be3 Bd6 9. Nbd2 Ne7 10. Re1 Bxf3 11. Qxf3 Qg6 12. Nc4 0-0 13. d4 f5 14. dxe5 fxe4 15. Qg3 Qxg3 16. fxg3 Bb4 17. c3 b5 18. cxb4 bxc4 19. Bc5 Rfe8 20. Bxe7 Rxe7 21. Rxe4 Rae8 22. Rae1 Kf7 23. Kf2 Kg6 24. Rxc4 Rxe5 25. Rxc6+ Kf5 26. Rxe5+ Rxe5 27. Rxc7 g5 28. Rc5 Ke4 29. Rxe5+ Kxe5 30. Ke3 Kd5 31. b3 Ke5 32. a4 Kd5 33. b5 axb5 34. axb5 Kc5 35. Ke4 Kxb5 36. Kf5 1-0